| 000 | 01635nam a2200469 i 4500 | ||
|---|---|---|---|
| 001 | 15408 | ||
| 003 | KOSZ 005 | ||
| 005 | 20200629112325.0 | ||
| 008 | 200414s1971 pl a f 000 0 pol | ||
| 015 | _aUWD 1971/6625 | ||
| 035 | _a991037232939705066 | ||
| 035 | _a(PL-WaBN)b19988473-48omnis_nlop | ||
| 035 | _ab19988473 | ||
| 035 | _a(OCoLC)830896234 | ||
| 035 | _a(PL)b0000001998847 | ||
| 035 | _a(EXLNZ-48OMNIS_NETWORK)9910138141605606 | ||
| 040 |
_aWA N _cWA N _dKOSZ 005/RW |
||
| 046 | _k1971 | ||
| 080 | _a621 | ||
| 080 | _a(075.8) | ||
| 100 | 1 |
_aBajon, Wiesław _d(1930-2014) _eAutor |
|
| 245 | 1 | 0 |
_aMateriały do ćwiczeń i projektowania części maszyn / _cWiesław Bajon, Zbigniew Osiński, Tadeusz Szucki. |
| 250 | _aWydanie 3. | ||
| 260 |
_aWarszawa : _bWydawnictwa Politechniki Warszawskiej, _c1971. |
||
| 300 |
_a287 stron : _bilustracje ; _c24 cm. |
||
| 336 |
_aTekst _btxt _2rdacontent |
||
| 337 |
_aBez urządzenia pośredniczącego _bn _2rdamedia |
||
| 338 |
_aWolumin _bnc _2rdacarrier |
||
| 380 | _aKsiążki | ||
| 380 | _aPublikacje dydaktyczne | ||
| 388 | _a1901-2000 | ||
| 388 | _a1945-1989 | ||
| 650 | 7 |
_aCzęści maszyn _2DBN |
|
| 655 | 7 |
_aPodręczniki akademickie _2DBN |
|
| 658 | _aInżynieria i technika | ||
| 700 | 1 |
_aOsiński, Zbigniew _d(1926-2001) _eAutor |
|
| 700 | 1 |
_aSzucki, Tadeusz _d(1920-2003) _eAutor |
|
| 710 | 2 |
_aOficyna Wydawnicza Politechniki Warszawskiej _4pbl |
|
| 856 |
_uhttp://koha.tu.koszalin.pl/cgi-bin/koha/opac-detail.pl?biblionumber=15408 _yKatalog online BPK |
||
| 942 |
_2UKD _cKS |
||
| 999 |
_c15408 _d15408 |
||